[Event "Kingston Chan Memorial op"]
[Site "Kingston"]
[Date "2017.09.21"]
[Round "2"]
[White "Gupte, Nikit"]
[Black "Foster, Deshawn"]
[Result "1-0"]
[WhiteElo "1646"]
[BlackElo "1201"]
[PlyCount "71"]
[EventDate "2017.09.21"]
[EventType "swiss"]
[EventRounds "6"]
[EventCountry "JAM"]
[SourceTitle "EXT 2020"]
[Source "ChessBase"]
[SourceDate "2019.10.17"]
[SourceVersion "1"]
[SourceVersionDate "2019.10.17"]
[SourceQuality "1"]

1. e4 d6 2. d4 Nf6 3. Nc3 g6 4. Nf3 Bg7 5. Bc4 0-0 6. Bf4 Bg4 7. h3 Bxf3 8. Qxf3 Nbd7 9. 0-0 c5 10. dxc5 Nxc5 11. Be3 Qc7 12. Bxc5 dxc5 13. Rad1 Rad8 14. b3 a6 15. a4 e6 16. Ne2 Rxd1 17. Rxd1 Rd8 18. Ng3 Rxd1+ 19. Qxd1 Nd7 20. Nf1 Ne5 21. Be2 Qd7 22. Qxd7 Nxd7 23. Ne3 h5 24. Nc4 b5 25. axb5 axb5 26. Nd6 b4 27. Bb5 Bf8 28. Nxf7 Kxf7 29. Bxd7 h4 30. Kf1 Bg7 31. Ke2 Bd4 32. f4 Kf6 33. e5+ Kf5 34. Kf3 Bg1 35. Bc6 g5 36. Be4# 1-0